000 00836nam a22002055i 4500
001 167452
003 ES-MaACL
005 20250911063602.0
008 000110s1883 phl |||| | spa d
040 _aM-RACE
_bspa
_cM-RACE
_dCCPB | B
100 1 _aVidal y Soler, Sebastián,
_d1842-1889
_9114528
245 1 0 _aSinopsis de familias y géneros de plantas leñosas de Filipinas
_b: introducción a la flora forestal del archipiélago filipino /
_credactada por Sebastián Vidal y Soler.
260 _aManila :
_b[s.n.],
_c1883 (
_fEstablecimiento Tipo-litográfico de Chofré y C.ª)
300 _av. ;
_c21 cm.
505 8 _aContiene : Vol. I. Texto. -- XVIII, 411 p.
650 0 4 _aFlora-
_xFilipinas
_912902
752 _aFilipinas -
_dManila
852 _aES-MaACL
_jB-6487-88
_z-- Enc. hol.
999 _c167452
_d167452